000 00792nam a2200229Ii 4500
003 JO-AjNU
008 230605s9999||||xx |||||||||||||| ||und||
017 _a77/1/2009
020 _a978-9957-07-627-6
040 _aJO-AjNU
_bara
_erda
_cJO-AjNU
041 _aara
050 1 4 _aLC4031.M34 2010
100 3 _aMclonghlin,James A مؤلف/Lewis,Rena B علام،صلاح الدين محمود مترجم/م.مشارك ,
_eauthor
_922884
245 0 0 _aتقييم الطلاب ذوي الحاجات الخاصة
250 _aط1
264 3 1 _aعمان:دار الفكر،2010
300 _a1048ص
336 _atext
_btxt
_2rdacontent
337 _aunmediated
_bn
_2rdamedia
338 _avolume
_bnc
_2rdacarrier
650 4 _aالتعليم الخاص-المعوقون-تقييم
_922885
999 _aA8194
_c11762
_d11762